000 00548nam a2200193Ia 4500
005 20250508151302.0
008 008 250505s9999 xx 000 0 eng d
037 _aBooks to be hide in OPAC
040 _aFEDL
_beng
_cFEDL
041 _aeng
_2eng
084 _a330.1, STO
_qFEDL
100 _aStonier Alfred W
245 0 _aTextbook of economic theory
260 _aLondon, UK
_bLongmans, Green and Co.
_c1953
300 _a513p.
700 _a Hague Douglas C
_9758778
942 _cHB
_h330.1, STO
999 _c1328830
_d1328830